<?xml version="1.0" encoding="UTF-8"?>
<record
    xmlns:xsi="http://www.w3.org/2001/XMLSchema-instance"
    xsi:schemaLocation="http://www.loc.gov/MARC21/slim http://www.loc.gov/standards/marcxml/schema/MARC21slim.xsd"
    xmlns="http://www.loc.gov/MARC21/slim">

  <leader>01712nam a2200349Ia 4500</leader>
  <controlfield tag="001">114694</controlfield>
  <controlfield tag="003">DR-UNIBE</controlfield>
  <controlfield tag="005">20260528094018.0</controlfield>
  <controlfield tag="007">cr nn 008mamaa</controlfield>
  <controlfield tag="008">260528b2022    mx |||||s|||| 00| 0 spa d</controlfield>
  <datafield tag="020" ind1=" " ind2=" ">
    <subfield code="a">9786071518293</subfield>
  </datafield>
  <datafield tag="020" ind1=" " ind2=" ">
    <subfield code="a">9786071518309 (electr&#xF3;nico)</subfield>
  </datafield>
  <datafield tag="040" ind1=" " ind2=" ">
    <subfield code="a">BIBLIOTECA UNIBE</subfield>
    <subfield code="c">BIBLIOTECA UNIBE</subfield>
    <subfield code="e">rda</subfield>
  </datafield>
  <datafield tag="041" ind1=" " ind2=" ">
    <subfield code="a">spa</subfield>
    <subfield code="h">eng</subfield>
  </datafield>
  <datafield tag="245" ind1="0" ind2="0">
    <subfield code="a">Williams obstetricia</subfield>
  </datafield>
  <datafield tag="250" ind1=" " ind2=" ">
    <subfield code="a">Vig&#xE9;sima sexta edici&#xF3;n</subfield>
  </datafield>
  <datafield tag="260" ind1=" " ind2=" ">
    <subfield code="a">M&#xE9;xico : </subfield>
    <subfield code="b">McGraw-Hill Interamericana,</subfield>
    <subfield code="c">2022</subfield>
  </datafield>
  <datafield tag="300" ind1=" " ind2=" ">
    <subfield code="a">xvi, 1328 p&#xE1;ginas :</subfield>
    <subfield code="b">ilustraciones</subfield>
  </datafield>
  <datafield tag="500" ind1=" " ind2=" ">
    <subfield code="a">Recurso en l&#xED;nea:
Disponible para miembros de UNIBE a trav&#xE9;s del portal web del CRAI: https://www.unibe.edu.do/biblioteca/libros-electronicos/</subfield>
  </datafield>
  <datafield tag="505" ind1=" " ind2=" ">
    <subfield code="a">Secci&#xF3;n 1. Descripci&#xF3;n General |
Secci&#xF3;n 2. Anatom&#xED;a Y Fisiolog&#xED;a Maternas |
Secci&#xF3;n 3. Placentaci&#xF3;n, Embriog&#xE9;nesis Y Desarrollo Fetal |
Secci&#xF3;n 4. Atenci&#xF3;n Preconcepcional Y Prenatal |
Secci&#xF3;n 5. El Paciente Fetal |
Secci&#xF3;n 6. Complicaciones Al Inicio Del Embarazo |
Secci&#xF3;n 7. Trabajo De Parto |
Secci&#xF3;n 8. Parto |
Secci&#xF3;n 9. El Reci&#xE9;n Nacido |
Secci&#xF3;n 10. El Puerperio |
Secci&#xF3;n 11. Complicaciones Obst&#xE9;tricas |
Secci&#xF3;n 12. Complicaciones M&#xE9;dicas Y Quir&#xFA;rgicas |
</subfield>
  </datafield>
  <datafield tag="650" ind1=" " ind2=" ">
    <subfield code="a">Obstetricia</subfield>
  </datafield>
  <datafield tag="650" ind1=" " ind2=" ">
    <subfield code="a">Medicina</subfield>
  </datafield>
  <datafield tag="655" ind1=" " ind2=" ">
    <subfield code="a">Recurso electr&#xF3;nico</subfield>
    <subfield code="9">42681</subfield>
  </datafield>
  <datafield tag="700" ind1=" " ind2=" ">
    <subfield code="a">Cunningham, F. Gary</subfield>
    <subfield code="9">16195</subfield>
    <subfield code="e">a&#xF1;utor</subfield>
  </datafield>
  <datafield tag="700" ind1=" " ind2=" ">
    <subfield code="9">43060</subfield>
    <subfield code="a">Leveno, Kenneth J.</subfield>
    <subfield code="e">autor</subfield>
  </datafield>
  <datafield tag="700" ind1=" " ind2=" ">
    <subfield code="9">172506</subfield>
    <subfield code="a">Dashe, Jodi S. </subfield>
    <subfield code="e">autor</subfield>
  </datafield>
  <datafield tag="700" ind1=" " ind2=" ">
    <subfield code="9">172507</subfield>
    <subfield code="a">Hoffman, Barbara L.</subfield>
    <subfield code="e">autor</subfield>
  </datafield>
  <datafield tag="700" ind1=" " ind2=" ">
    <subfield code="9">172505</subfield>
    <subfield code="a">Spong, Catherine Y.</subfield>
    <subfield code="e">autor</subfield>
  </datafield>
  <datafield tag="700" ind1=" " ind2=" ">
    <subfield code="9">172508</subfield>
    <subfield code="a"> Casey, Brian M.</subfield>
    <subfield code="e">autor</subfield>
  </datafield>
  <datafield tag="856" ind1=" " ind2=" ">
    <subfield code="u">https://ezproxy.unibe.edu.do:2069/?il=40511</subfield>
  </datafield>
  <datafield tag="942" ind1=" " ind2=" ">
    <subfield code="c">EB</subfield>
    <subfield code="2">ddc</subfield>
  </datafield>
  <datafield tag="999" ind1=" " ind2=" ">
    <subfield code="c">114694</subfield>
    <subfield code="d">114694</subfield>
  </datafield>
  <datafield tag="952" ind1=" " ind2=" ">
    <subfield code="0">0</subfield>
    <subfield code="1">0</subfield>
    <subfield code="2">ddc</subfield>
    <subfield code="7">0</subfield>
    <subfield code="8">eTEXT</subfield>
    <subfield code="a">Principal</subfield>
    <subfield code="d">2026-05-28</subfield>
    <subfield code="l">0</subfield>
    <subfield code="p">EB0558</subfield>
    <subfield code="r">2026-05-28 09:41:23</subfield>
    <subfield code="t">copias ilimitadas</subfield>
    <subfield code="w">2026-05-28</subfield>
    <subfield code="y">EB</subfield>
  </datafield>
</record>
